Violences conjugales et domestiques : autonomie et dépendance dans le système thérapeutique (notice n° 1598166)

détails MARC
000 -LEADER
fixed length control field 02313cam a2200301 4500500
005 - DATE AND TIME OF LATEST TRANSACTION
control field 20251228075733.0
041 ## - LANGUAGE CODE
Language code of text/sound track or separate title fre
042 ## - AUTHENTICATION CODE
Authentication code dc
100 10 - MAIN ENTRY--PERSONAL NAME
Personal name Rey Hanson, Hélène
Relator term author
245 00 - TITLE STATEMENT
Title Violences conjugales et domestiques : autonomie et dépendance dans le système thérapeutique
260 ## - PUBLICATION, DISTRIBUTION, ETC.
Date of publication, distribution, etc. 2009.<br/>
500 ## - GENERAL NOTE
General note 20
520 ## - SUMMARY, ETC.
Summary, etc. L’objectif de cet article est de développer un positionnement éthique ainsi qu’un cadre thérapeutique visant à préserver l’autonomie des thérapeutes et celle des patients dans les situations de violences conjugales/ domestiques. A partir d’exemples cliniques, l’impact des caractéristiques spécifiques des situations de violences conjugales/domestiques sur les indications de thérapie de couple et/ou de famille est discuté.
520 ## - SUMMARY, ETC.
Summary, etc. Intimate partner and domestic violence: autonomy and dependence in the therapeutic system. The article aims at developing an ethical standpoint and a therapeutic framework in order to preserve both the therapist’s and the patient’s autonomy in situations of intimate partner/domestic violence. Based on clinical examples, the impact of the specific characteristics of intimate partner/domestic violence situations on the indications for couple and/or family therapy is discussed.
520 ## - SUMMARY, ETC.
Summary, etc. Violencia maritales y domésticas: autonomía y dependencia en sistema terapéutico. Este artículo tiene como objetivo de desarrollar una posición ética y un contexto terapéutico con el fin de proteger la autonomía de los terapeutas y de los pacientes en las situaciones de violencias maritales/domésticas. Con la ayuda de ejemplos clínicos el impacto de la terapia de pareja y/o de familia sobre la violencia de pareja o domestica se discute.
690 ## - LOCAL SUBJECT ADDED ENTRY--TOPICAL TERM (OCLC, RLIN)
Topical term or geographic name as entry element Autonomie
690 ## - LOCAL SUBJECT ADDED ENTRY--TOPICAL TERM (OCLC, RLIN)
Topical term or geographic name as entry element Cadre thérapeutique
690 ## - LOCAL SUBJECT ADDED ENTRY--TOPICAL TERM (OCLC, RLIN)
Topical term or geographic name as entry element Ethique
690 ## - LOCAL SUBJECT ADDED ENTRY--TOPICAL TERM (OCLC, RLIN)
Topical term or geographic name as entry element Violences conjugales/domestiques
690 ## - LOCAL SUBJECT ADDED ENTRY--TOPICAL TERM (OCLC, RLIN)
Topical term or geographic name as entry element Autonomy
690 ## - LOCAL SUBJECT ADDED ENTRY--TOPICAL TERM (OCLC, RLIN)
Topical term or geographic name as entry element Ethics
690 ## - LOCAL SUBJECT ADDED ENTRY--TOPICAL TERM (OCLC, RLIN)
Topical term or geographic name as entry element Intimate partner/domestic violence
690 ## - LOCAL SUBJECT ADDED ENTRY--TOPICAL TERM (OCLC, RLIN)
Topical term or geographic name as entry element Therapeutic framework
700 10 - ADDED ENTRY--PERSONAL NAME
Personal name Rinaldi Baud, Isabelle
Relator term author
700 10 - ADDED ENTRY--PERSONAL NAME
Personal name Girard, Jacques
Relator term author
786 0# - DATA SOURCE ENTRY
Note Thérapie Familiale | 29 | 4 | 2009-01-06 | p. 447-457 | 0250-4952
856 41 - ELECTRONIC LOCATION AND ACCESS
Uniform Resource Identifier <a href="https://shs.cairn.info/revue-therapie-familiale-2008-4-page-447?lang=fr&redirect-ssocas=7080">https://shs.cairn.info/revue-therapie-familiale-2008-4-page-447?lang=fr&redirect-ssocas=7080</a>

Pas d'exemplaire disponible.

PLUDOC

PLUDOC est la plateforme unique et centralisée de gestion des bibliothèques physiques et numériques de Guinée administré par le CEDUST. Elle est la plus grande base de données de ressources documentaires pour les Étudiants, Enseignants chercheurs et Chercheurs de Guinée.

Adresse

627 919 101/664 919 101

25 boulevard du commerce
Kaloum, Conakry, Guinée

Réseaux sociaux

Powered by Netsen Group @ 2025